000 00579ntaaa2200193 4500
003 01
005 20251027201815.0
008 0714s1973 ag 01
040 _aAR-BaBN
_bspa
_cAR-BaBN
_eaacr
_dRIC
082 _a242.4000 K54
100 _aKierkegaard, Soren
245 _aThe gospel of our sufferings
250 _a1 ed.
260 _aGrand Rapids :
_bWilliam B Eerdmans Publishing Company,
_c(1847), 1964
300 _a150 p
500 _a"El evangelio de nuestro sufrimiento". Como el creyente puede gozar en el sufrimiento
650 _asufrimiento
_92432
942 _cBK
999 _c12731
_d12731